000 00448nam a2200181Ia 4500
005 20240823021206.0
008 240823s9999||||xx |||||||||||||| ||und||
020 _a81-25-0772-6
041 _aENGLISH
082 _A624 P1
100 _aBhavikatti S S
245 0 _aElements of Civil Engineering
250 _a1st
260 _c2001
_bVijay Nicole Imprints Private Li
500 _aYES
650 _aCivil Engineering
_bCivil
942 _cBK
999 _c176498
_d176498